000 00920nac a22002777a 4500
001 BR7908322
003 BR-BrBNA
005 20240105114548.0
008 230509b bl.|||m| |||| 00| 0 por d
040 _aBR-BrBNA
_bpor
_cBiblioteca Nacional de Agricultura
072 _aP00
090 _aP00 BR7908322
110 1 _aFundacao Estadual de Engenharia do Meio Ambiente, Rio de Janeiro, RJ (Brasil)
_94883
245 1 _aRelatorio das atividades, 1978 [Fundacao Estadual de Engenharia do Meio Ambiente, Brasil]
260 3 _aRio de Janeiro, RJ (Brasil):
_c1979.
300 _a58 p.
490 _aRelatorio - Fundacao Estadual de Engenharia do Meio Ambiente (Brazil)
_v
_x
650 _aMEIO AMBIENTE
650 _aECOSSISTEMA
650 _aCONSERVACAO
650 _aRECURSO HUMANO
650 _aTREINAMENTO
650 _aORCAMENTO
909 _a202312
_bLúcia Elande
_c55
_dLúcia Elande
942 _2AGRIS
_n0
_cMS
999 _c270055
_d270055